Dünyanın Yeni Sahipleri (Kayıt no. 670649)

MARC ayrıntıları
000 -LEADER
sabit uzunluktaki kontrol alanı 00236nam a2200097Ia 4500
001 - KONTROL NUMARASI
kontrol alanı 670649
005 - EN SON İŞLEMİN TARİH VE ZAMANI
kontrol alanı 20250826160811.0
008 - SABİT-UZUNLUKTA VERİ ÖĞELERİ--GENEL BİLGİ
sabit uzunluktaki kontrol alanı 250824s9999 xx 000 0 und d
245 #0 - ESER / YAZAR
ESER ADI Dünyanın Yeni Sahipleri
Yazar Adı Jean Ziegler
260 ## - YAYIN, DAĞITIM, VB.
YAYIN EVİ ALTIN
Mevcut
Düşüm durumu Kayıp durumu Hasar Durumu Ödünç verilmez Ana kütüphane Geçerli Kütüphane Edinilen tarih Toplam ödünç verme sayısı Barkod Son görüntüleme tarihi Fiyatın geçerli olmaya başladığı tarih Koha materyal türü
        ZELİHA LÜTFİ KULLUK İLKOKULU ZELİHA LÜTFİ KULLUK İLKOKULU 24.08.2025   101641 26.08.2025 26.08.2025 Kitaplar
Gemini Bilgi Teknolojileri A.Ş. tarafından düzenlenmiştir.